|
|
|
|
| LEADER |
01629nam a2200433Ia 4500 |
| 001 |
EBC459738 |
| 003 |
MiAaPQ |
| 005 |
20200520144314.0 |
| 006 |
m o d | |
| 007 |
cr cn||||||||| |
| 008 |
071001s2007 dcuab sb i000 0 eng d |
| 010 |
|
|
|z 2007298577
|
| 020 |
|
|
|z 9780821371879
|
| 020 |
|
|
|z 9780821371886
|
| 020 |
|
|
|z 0821371878
|
| 035 |
|
|
|a (MiAaPQ)EBC459738
|
| 035 |
|
|
|a (Au-PeEL)EBL459738
|
| 035 |
|
|
|a (CaPaEBR)ebr10369854
|
| 035 |
|
|
|a (CaONFJC)MIL100095
|
| 035 |
|
|
|a (OCoLC)935271008
|
| 040 |
|
|
|a MiAaPQ
|c MiAaPQ
|d MiAaPQ
|
| 050 |
|
4 |
|a HN212.5
|b .S63 2007
|
| 245 |
0 |
0 |
|a Social resilience and state fragility in Haiti
|h [electronic resource] /
|c [Dorte Verner and Willy Egset (task team leaders and the main authors of this report)].
|
| 260 |
|
|
|a Washington, D.C. :
|b World Bank,
|c c2007.
|
| 300 |
|
|
|a xx, 120 p. :
|b ill., col. map.
|
| 490 |
1 |
|
|a A World Bank country study
|
| 504 |
|
|
|a Includes bibliographical references (p. 115-120).
|
| 533 |
|
|
|a Electronic reproduction. Ann Arbor, MI : ProQuest, 2015. Available via World Wide Web. Access may be limited to ProQuest affiliated libraries.
|
| 651 |
|
0 |
|a Haiti
|x Social conditions
|y 20th century.
|
| 651 |
|
0 |
|a Haiti
|x Social conditions
|y 1971-
|
| 651 |
|
0 |
|a Haiti
|x Politics and government
|y 1986-
|
| 651 |
|
0 |
|a Haiti
|x Economic conditions
|y 1971-
|
| 655 |
|
4 |
|a Electronic books.
|
| 700 |
1 |
|
|a Verner, Dorte.
|
| 700 |
1 |
|
|a Egset, Willy.
|
| 710 |
2 |
|
|a World Bank.
|
| 710 |
2 |
|
|a ProQuest (Firm)
|
| 830 |
|
0 |
|a World Bank country study.
|
| 856 |
4 |
0 |
|u https://ebookcentral.proquest.com/lib/matrademy/detail.action?docID=459738
|z Click to View
|